Gibbon's Decline and Fall of the Roman Empire-a One-Volume Abridgement By D. M. Low (Record no. 603270)

000 -LEADER
fixed length control field 00442nam a22001457a 4500
003 - CONTROL NUMBER IDENTIFIER
control field NUST
005 - DATE AND TIME OF LATEST TRANSACTION
control field 20231002102958.0
008 - FIXED-LENGTH DATA ELEMENTS--GENERAL INFORMATION
fixed length control field 231002b ||||| |||| 00| 0 eng d
082 ## - DEWEY DECIMAL CLASSIFICATION NUMBER
Classification number 937.06
Author Mark GIB 1960
100 ## - MAIN ENTRY--PERSONAL NAME
Personal name Gibbon, Edward
245 ## - TITLE STATEMENT
Title Gibbon's Decline and Fall of the Roman Empire-a One-Volume Abridgement By D. M. Low
Statement of responsibility, etc. Edward Gibbon
260 ## - PUBLICATION, DISTRIBUTION, ETC.
Place of publication, distribution, etc. New York
Name of publisher, distributor, etc. Harcourt, Brace and company
Date of publication, distribution, etc. 1960
300 ## - PHYSICAL DESCRIPTION
Extent 924p;
942 ## - ADDED ENTRY ELEMENTS (KOHA)
Source of classification or shelving scheme
Koha item type Book
Holdings
Withdrawn status Lost status Source of classification or shelving scheme Damaged status Not for loan Permanent Location Current Location Shelving location Date acquired Total Checkouts Full call number Barcode Date last seen Price effective from Koha item type
          Centre for International Peace & Stability (CIPS) Centre for International Peace & Stability (CIPS) General Stacks 10/02/2023   937.06 GIB 1960 CIPSD0000749 10/02/2023 10/02/2023 Book
© 2023 Central Library, National University of Sciences and Technology. All Rights Reserved.